| 000 | 00745nam a22002297a 4500 | ||
|---|---|---|---|
| 999 |
_c14827 _d14827 |
||
| 003 | AR-CdUCM | ||
| 008 | 190424b ||||| |||| 00| 0 spa d | ||
| 020 | _a978-84-9825-582-9 | ||
| 040 |
_aMUNICIPALIDAD PROVINCIAL DEL CUSCO _cBIBLIOTECA MUNICIPAL DEL CUSCO |
||
| 082 |
_22ed _aEP / 803 / _bF23 |
||
| 100 |
_aFarré, Lluís _933743 |
||
| 245 | _aLas mil y una noches / | ||
| 260 |
_aBarcelona : _bcombel, _c2013. |
||
| 300 |
_a12 páginas ; _bImágenes en alto relieve, _c27 cm. |
||
| 650 |
_aCuentos _9312 |
||
| 650 |
_aLiteratura infantil _9588 |
||
| 650 |
_aPrimera infancia _924660 |
||
| 700 |
_aCanals, Mercé (ilustraciones) _933744 |
||
| 700 |
_aGil, Carmen (adaptación) _933745 |
||
| 942 |
_2ddc _cLIBROS |
||
| 945 |
_adavv _d24/04/2019 |
||